000 01366nam a2200301 i 4500
001 000046174
003 DO-SdBNP
005 20230425090737.0
007 ta
008 150701s2000 dr 000 0 spa d
040 _aDO-SdBNP
_bspa
_cBNPHU
_erda
082 4 _222
110 1 _aRepública Dominicana.
_b[Leyes, etc.]
_911088
245 1 0 _aLey 24-97 sobre violencia intrafamiliar
250 _a3a ed.
264 _aSanto Domingo :
_bSecretaría de Estado de la Mujer,
_c2000.
300 _a51 páginas ;
_c21 cm.
336 _2rdacontent
_atexto
_btxt
337 _2rdamedia
_asin mediación
_bn
338 _2rdacarrier
_avolumen
_bnc
505 0 _aLas agresiones sexuales --
_tOtras agresiones sexuales --
_tAtentados contra la personalidad y la dignidad de la persona --
_tDe los atentados a niños, niñas y adolescentes. Atentados a la filiación --
_tAbandono y maltrato de niños, niños y adolescentes --
_tSecuestro, traslado, ocultamiento de niños, niñas y adolescentes --
_tAtentados al ejercicio de la autoridad del padre y la madre --
_tAbandono de familia.
590 _aInventariado, 2022 / DG
650 4 _aViolencia contra la mujer
_xLegislación
_981867
650 4 _aRepública Dominicana
_vViolencia conyugal
_xLegislación
_zRepública Dominicana
_981868
650 4 _aLeyes
_zRepública Dominicana
_93033
910 _aDG
942 _2ddc
_cLBS1
999 _c52046
_d52046